Sports Quiz

Random Sports or Football Quiz

1999 NFL Draft Quiz Stats

 Plays Quiz not verified by Sporcle

Also try: NFL's Worst (2017)
Challenge
Share
Tweet
Embed
Score 0/31 Timer 08:00
0 Plays Today
Team Player % Correct
PhiladelphiaDonovan McNabb
99.3%
New OrleansRicky Williams
96.9%
IndianapolisEdgerrin James
96.3%
ClevelandTim Couch
95.6%
CincinnatiAkili Smith
90.9%
St. LouisTorry Holt
90.7%
MinnesotaDaunte Culpepper
84.8%
ChicagoCade McNown
77.1%
WashingtonChamp Bailey
73.7%
ArizonaDavid Boston
69.7%
TennesseeJevon Kearse
51.4%
BaltimoreChris McAlister
39.3%
PittsburghTroy Edwards
38.2%
Green BayAntuan Edwards
38.2%
New EnglandAndy Katzenmoyer
34%
DenverAl Wilson
31.4%
Team Player % Correct
BuffaloAntoine Winfield
30.5%
DetroitChris Claiborne
24.7%
Tampa BayAnthony McFarland
22.7%
OaklandMatt Stinchcomb
18.3%
New EnglandDamien Woody
17.7%
Kansas CityJohn Tait
14.4%
AtlantaPatrick Kerney
14.4%
DetroitAaron Gibson
14.3%
DallasEbenezer Ekuban
12.8%
NY GiantsLuke Petitgout
12.6%
MinnesotaDimitrius Underwood
12.6%
JacksonvilleFernando Bryant
7.9%
SeattleLamar King
6%
ArizonaL.J. Shelton
5.1%
San FranciscoReggie McGrew
4%

You're not logged in!

Compare scores with friends on all Sporcle quizzes.
Join for Free
OR
Log In

You Might Also Like...

Show Comments

Extras

Top Quizzes Today


Score Distribution

Your Account Isn't Verified!

In order to create a playlist on Sporcle, you need to verify the email address you used during registration. Go to your Sporcle Settings to finish the process.

Report this User

Report this user for behavior that violates our Community Guidelines.

Details: